• 首页
  • 本馆介绍
  • 公告通知
  • 最新文献
  • 馆藏检索
  • 电子资源
  • 读者导购
  • 参考咨询
  • 我的图书馆
  • 登录
  • 详细信息显示
  • 放入我的书架
  • 预约/预借图书
  • 作者相关作品
  • 分类相关作品
  • 丛书相关作品
  • 出版社相关作品

书目信息

  • 表格格式
  • 工作单格式
  • 卡片格式
题名:
李国文说唐
    
 
作者: 李国文 著
分册:  
出版信息: 沈阳   万卷出版公司  2016
页数: 359页
开本: 21cm
丛书名:
单 册:
中图分类: K242.07
科图分类:
主题词: 唐代--tang dai--历史--研究
电子资源:
ISBN: 978-7-5470-4180-2
000 00793nam0 22002291 450
001 0120081953
005 20170320081953.0
010    @a978-7-5470-4180-2@b精装@dCNY42.80
100    @a20161027d2016 em y0chiy50 ea
101 0  @achi
102    @aCN@b210000
105    @ay z 000yy
106    @ar
200 1  @a李国文说唐@9li guo wen shuo tang@f李国文著
210    @a沈阳@c万卷出版公司@d2016
215    @a359页@d21cm
330    @a本书主要内容包括:唐朝的天空、唐朝的声音、唐朝的胃口、唐朝的歌手、唐朝的不死药、唐朝的谎话政治、唐朝的聪昏周期率、从开元到天宝、仰天大笑出门去、李白与王维、总为从前作诗苦等。
606 0  @a唐代@9tang dai@x历史@x研究
690    @aK242.07@v5
701  0 @a李国文@9li guo wen@f(1930~)@4著
801  0 @aCN@bTANGWEI@c20170308
905    @b0954867-9@dK242.07@e26@f3
    
    李国文说唐/李国文著.-沈阳:万卷出版公司,2016
    359页;21cm
    
    
    ISBN 978-7-5470-4180-2(精装):CNY42.80
    本书主要内容包括:唐朝的天空、唐朝的声音、唐朝的胃口、唐朝的歌手、唐朝的不死药、唐朝的谎话政治、唐朝的聪昏周期率、从开元到天宝、仰天大笑出门去、李白与王维、总为从前作诗苦等。
●
相关链接 在E读中查询图书 在五车中查询图书 在当当中查询图书 在豆瓣中查询图书


正题名:李国文说唐     索取号:K242.07/26         预约/预借

序号 登录号 条形码 馆藏地/架位号 状态 备注
1 0954867   209548676   第二样本阅览室/ [索取号:K242.07/26] 在馆    
2 0954868   209548685   第二借阅区/ [索取号:K242.07/26] 在馆    
3 0954869   209548694   第二借阅区/ [索取号:K242.07/26] 在馆    
唐山师范学院图书馆 欢迎您!
大连网信软件有限公司© 版权所有